Star Trek Alien Ship Classes by picture - Statistics

General Stats
  • This quiz has been taken 7 times
  • The average score is 8 of 13
Answer Stats
Picture Answer % Correct
D7
83%
D'deridex
83%
Galor
83%
Vor'cha
83%
B'rel
67%
K'tinga
67%
K'vort
67%
Negh'Var
67%
D'Kora
50%
D'kyr
33%
Keldon
33%
Kumari
33%
Surok
33%
No matching quizzes found
Score Distribution
Percent of People with Each Score
Percentile by Number Answered
Your Score History
You have not taken this quiz